000 00640nam a22001937a 4500
003 OSt
005 20251125120144.0
008 251125b |||||||| |||| 00| 0 eng d
020 _a971-92373-2-5.
040 _aDWCL-Main lib
_cOC
082 _22001 rev. ed.
_aFil. 336.24 V153 2001
100 _aEdwin G. Valencia
245 _aIncome taxation :
_bprinciples and laws with accounting applications/
_cEdwin G. Valencia
260 _aBaguio City :
_bValencia Educational Supply,
_cc2001.
300 _a422 p. ;
_c22 cm.
650 _aIncome tax-Law-Philippines.
700 _aGregorio F. Roxas
942 _2ddc
_cBK - FIL
_e2001 rev. ed.
_kFil.
_n0
999 _c6260
_d6260